Представление документа в формате RUSMARC

ПолеНазваниеЗначение
  Тип записи a
  Библиографический уровень m
001 Контрольный номер 70331690d7f74eb784898fda612e4c1d
005 Дата корректировки 20181019084139.9
101 Язык документа 0_
a Язык текста rus
102 Страна публикации __
a Страна публикации RU
200 Заглавие и сведения об ответственности 1_
a Заглавие Теория организации
e Сведения, относящиеся к заглавию Учебно-методическое пособие- Практикум
f Первые сведения об ответственности Бухтаяров А.А.
210 Выходные данные 1_
a Место издания Краснодар
c Издательство Краснодарский коооперативный институт (филиал) Российского университета кооперации
d Дата издания 2018
215 Физическое описание __
a Объем 52с.
686 Индексы других классификаций __
a Классификационный индекс 65.050.2я73
700 Автор _1
a Фамилия Бухтаяров А.А.
801 Источник записи _0
a Страна RU
b Организация РУК
g Правила каталогизации PSBO
801 Источник записи _1
a Страна RU
b Организация РУК
g Правила каталогизации PSBO
852 Данные о местонахождении __
i Авторский знак Б 94
901 Тип документа __
t Тип документа m
937 Технологическая информация __
a Создатель записи (имя) Иванова
938 Служебная информация __
a Название организации Краснодарский филиал
952 Тип литературы __
b Гриф литературы для ВШ гриф
c Вид литературы учебно-методическое издание